[Event "SLO-ch U16 Girls"]
[Site "Portoroz"]
[Date "2018.02.24"]
[Round "1"]
[White "Mazzini, Katarina"]
[Black "Jereb, Lana"]
[Result "0-1"]
[WhiteElo "1603"]
[BlackElo "1737"]
[PlyCount "88"]
[EventDate "2018.02.24"]
[EventType "tourn"]
[EventRounds "7"]
[EventCountry "SLO"]
[SourceTitle "EXT 2019"]
[Source "ChessBase"]
[SourceDate "2018.10.10"]
[SourceVersion "1"]
[SourceVersionDate "2018.10.10"]
[SourceQuality "1"]

1. e4 c5 2. Nf3 e6 3. Nc3 a6 4. d4 cxd4 5. Nxd4 Qc7 6. Be2 Nf6 7. a3 b5 8. 0-0 Bb7 9. Bf3 d6 10. Re1 Nc6 11. Nxc6 Bxc6 12. Nd5 Bxd5 13. exd5 e5 14. c3 Be7 15. Be3 0-0 16. Qd2 Nd7 17. Be2 f5 18. f4 e4 19. a4 Qb7 20. Kh1 Bf6 21. Rg1 Kf7 22. g4 g6 23. g5 Bg7 24. h4 h5 25. a5 Rfc8 26. Rgc1 Nc5 27. Bxc5 Rxc5 28. Rd1 Re8 29. Qe3 Re7 30. Qd2 e3 31. Qd3 Re4 32. Kh2 Rxf4 33. Qxe3 Rxh4+ 34. Kg2 Re4 35. Qd3 Qe7 36. Bf3 Qxg5+ 37. Kf2 Qh4+ 38. Kg2 Qg5+ 39. Kf2 Qf4 40. Rg1 Bh6 41. Rae1 Qh4+ 42. Rg3 Rxe1 43. Kxe1 Qxg3+ 44. Kd1 Qf2 0-1

[Event "SLO-chT2 West"]
[Site "Komenda"]
[Date "2017.11.26"]
[Round "7.4"]
[White "Jereb, Lana"]
[Black "Krupenko, Peter"]
[Result "1/2-1/2"]
[WhiteElo "1678"]
[BlackElo "1631"]
[PlyCount "60"]
[EventDate "2017.11.11"]
[EventType "team-tourn"]
[EventRounds "7"]
[EventCountry "SLO"]
[SourceTitle "EXT 2019"]
[Source "ChessBase"]
[SourceDate "2018.10.10"]
[SourceVersion "1"]
[SourceVersionDate "2018.10.10"]
[SourceQuality "1"]
[WhiteTeam "Postojna"]
[BlackTeam "Trzin"]
[WhiteTeamCountry "SLO"]
[BlackTeamCountry "SLO"]

1. e4 Nf6 2. Nc3 d5 3. exd5 Nxd5 4. Bc4 c6 5. d4 g6 6. Nf3 Bg7 7. 0-0 0-0 8. h3 h6 9. Re1 Bf5 10. Nxd5 cxd5 11. Bd3 Bxd3 12. Qxd3 Nc6 13. c3 Qc7 14. Be3 Rac8 15. Qd2 Kh7 16. Bf4 Qd8 17. Ne5 e6 18. Re3 Nxe5 19. Bxe5 Bxe5 20. Rxe5 Kg7 21. Rae1 Rc6 22. Qf4 Qf6 23. Qxf6+ Kxf6 24. R1e3 Ra6 25. a3 Rb6 26. Re2 Rc6 27. R2e3 Rb6 28. Re2 Rc6 29. R2e3 Rb6 30. Re2 Rc6 1/2-1/2

[Event "SLO-chT2 West"]
[Site "Komenda"]
[Date "2017.11.12"]
[Round "3.3"]
[White "Buha, Drago"]
[Black "Jereb, Lana"]
[Result "1/2-1/2"]
[WhiteElo "1958"]
[BlackElo "1678"]
[PlyCount "112"]
[EventDate "2017.11.11"]
[EventType "team-tourn"]
[EventRounds "7"]
[EventCountry "SLO"]
[SourceTitle "EXT 2019"]
[Source "ChessBase"]
[SourceDate "2018.10.10"]
[SourceVersion "1"]
[SourceVersionDate "2018.10.10"]
[SourceQuality "1"]
[WhiteTeam "Radovljica"]
[BlackTeam "Postojna"]
[WhiteTeamCountry "SLO"]
[BlackTeamCountry "SLO"]

1. d4 d5 2. Bf4 Bf5 3. Nc3 Nf6 4. e3 c6 5. Nf3 e6 6. a3 Nbd7 7. Bd3 Ne4 8. Ne2 Ndf6 9. Ng3 Bg6 10. 0-0 Be7 11. Ne5 0-0 12. f3 Nxg3 13. Bxg3 c5 14. c3 Rc8 15. Rc1 Qb6 16. Rb1 Rfd8 17. Bh4 Qd6 18. Bg3 Qb6 19. Qe2 Nd7 20. f4 f5 21. Nf3 Bh5 22. Qe1 Nf6 23. Bh4 Qd6 24. Rd1 Ne4 25. Be2 c4 26. Bxe7 Qxe7 27. Ne5 Bxe2 28. Qxe2 Qh4 29. Rf3 Rc7 30. Rh3 Qf6 31. g4 g6 32. g5 Qg7 33. Rf1 Kf8 34. Rh6 Ke7 35. Rf3 Rh8 36. Rfh3 Rcc8 37. Qg2 Nd6 38. R3h4 Nf7 39. Nxf7 Kxf7 40. Qc2 b5 41. b3 Kg8 42. b4 Qd7 43. Rh3 Ra8 44. Rf3 a5 45. h4 axb4 46. axb4 Ra1+ 47. Kg2 Qa7 48. Rf2 Qa3 49. Qb2 Qxb2 50. Rxb2 Kg7 51. h5 Rha8 52. hxg6 hxg6 53. Kf3 R8a2 54. Rhh2 Rxb2 55. Rxb2 Ra3 56. Rc2 Kf7 1/2-1/2

[Event "Maribor Pirc Memorial op 20th"]
[Site "Maribor"]
[Date "2017.07.01"]
[Round "8"]
[White "Jereb, Lana"]
[Black "Vicic, Mark"]
[Result "1-0"]
[WhiteElo "1650"]
[BlackElo "1372"]
[PlyCount "41"]
[EventDate "2017.06.24"]
[EventType "swiss"]
[EventRounds "9"]
[EventCountry "SLO"]
[SourceTitle "CBM 179 Extra"]
[Source "ChessBase"]
[SourceDate "2017.08.23"]
[SourceVersion "1"]
[SourceVersionDate "2017.08.23"]
[SourceQuality "1"]

1. e4 c5 2. Nf3 d6 3. d4 cxd4 4. Nxd4 Nf6 5. Nc3 g6 6. Be3 Bg7 7. Be2 0-0 8. Nb3 Nc6 9. g4 Ne5 10. g5 Ne8 11. f4 Nc6 12. Qd2 a5 13. h4 a4 14. Nd4 a3 15. b3 Bh8 16. h5 Qb6 17. Nd5 Qa5 18. Qxa5 Rxa5 19. Nxc6 Rxd5 20. Nxe7+ Kg7 21. h6# 1-0

[Event "SLO-ch U14 Girls"]
[Site "Ptuj"]
[Date "2017.02.26"]
[Round "2"]
[White "Jereb, Lana"]
[Black "Ruzic, Pia Marie"]
[Result "0-1"]
[WhiteElo "1605"]
[BlackElo "1479"]
[PlyCount "84"]
[EventDate "2017.02.25"]
[EventType "swiss"]
[EventRounds "9"]
[EventCountry "SLO"]
[SourceTitle "CBM 177 Extra"]
[Source "ChessBase"]
[SourceDate "2017.04.27"]
[SourceVersion "1"]
[SourceVersionDate "2017.04.27"]
[SourceQuality "1"]

1. d4 Nf6 2. Bf4 g6 3. Qd2 d6 4. Nc3 Nbd7 5. Bh6 c5 6. Bxf8 Rxf8 7. d5 Ne5 8. e4 a6 9. f4 Ned7 10. 0-0-0 b5 11. Qe3 b4 12. Nce2 a5 13. h3 Nb6 14. Ng3 h5 15. Nf3 Rh8 16. Be2 a4 17. Nd2 h4 18. Ngf1 Ba6 19. Bxa6 Rxa6 20. Qd3 Ra5 21. Nc4 Nxc4 22. Qxc4 Qb8 23. Nd2 Qb5 24. Rhe1 Nd7 25. Qxb5 Rxb5 26. e5 dxe5 27. fxe5 Nb6 28. d6 Kd7 29. Nf3 Rh5 30. Re4 Nc8 31. dxe7+ Kxe7 32. Rxh4 Rxh4 33. Nxh4 c4 34. Nf3 Rc5 35. Rd4 b3 36. a3 Na7 37. Kd2 Nb5 38. Re4 c3+ 39. Kc1 cxb2+ 40. Kxb2 Rxc2+ 41. Ka1 Nc3 42. Rb4 Ra2# 0-1

[Event "SLO-ch U14 Girls"]
[Site "Ptuj"]
[Date "2017.02.25"]
[Round "1"]
[White "Kolsek, Meta"]
[Black "Jereb, Lana"]
[Result "0-1"]
[WhiteElo "1135"]
[BlackElo "1605"]
[PlyCount "92"]
[EventDate "2017.02.25"]
[EventType "swiss"]
[EventRounds "9"]
[EventCountry "SLO"]
[SourceTitle "CBM 177 Extra"]
[Source "ChessBase"]
[SourceDate "2017.04.27"]
[SourceVersion "1"]
[SourceVersionDate "2017.04.27"]
[SourceQuality "1"]

1. c4 e5 2. Nc3 Bb4 3. Nf3 Bxc3 4. bxc3 Nc6 5. g3 d6 6. Bg2 f5 7. d4 e4 8. Bg5 Nf6 9. Nd2 0-0 10. e3 h6 11. Bxf6 Qxf6 12. Rb1 Kh8 13. 0-0 g5 14. f3 exf3 15. Qxf3 Kg7 16. Rf2 Qe7 17. Bf1 Re8 18. Re1 Rf8 19. Bd3 f4 20. gxf4 gxf4 21. Rg2+ Kh8 22. Ne4 Qh4 23. Qf2 Qxf2+ 24. Rxf2 Rg8+ 25. Kh1 fxe3 26. Rxe3 b6 27. Rf7 Rg7 28. Ref3 Bg4 29. Rf8+ Rg8 30. Rxg8+ Rxg8 31. Rf7 Nd8 32. Rf2 Bh3 33. Bf1 Bxf1 34. Rxf1 Re8 35. Kg2 Rxe4 36. Rf8+ Kg7 37. Rxd8 Re2+ 38. Kf3 Rxh2 39. Rd7+ Kf6 40. Rxc7 Rxa2 41. Rc6 Ke6 42. d5+ Kd7 43. Kg4 Ra5 44. Kh5 Rc5 45. Rxc5 bxc5 46. Kxh6 a5 0-1

[Event "SLO-chT2 West"]
[Site "Komenda"]
[Date "2016.11.27"]
[Round "9.4"]
[White "Bavec, Vinko"]
[Black "Jereb, Lana"]
[Result "1/2-1/2"]
[WhiteElo "1567"]
[BlackElo "1584"]
[PlyCount "103"]
[EventDate "2016.11.11"]
[EventType "team-tourn"]
[EventRounds "9"]
[EventCountry "SLO"]
[SourceTitle "EXT 2019"]
[Source "ChessBase"]
[SourceDate "2018.10.10"]
[SourceVersion "1"]
[SourceVersionDate "2018.10.10"]
[SourceQuality "1"]
[WhiteTeam "Loska Dolina"]
[BlackTeam "Postojna"]
[WhiteTeamCountry "SLO"]
[BlackTeamCountry "SLO"]

1. d4 d5 2. Nf3 Nf6 3. g3 Bf5 4. Bg2 e6 5. a3 c5 6. c3 Nc6 7. 0-0 Be7 8. Bg5 0-0 9. Bxf6 Bxf6 10. dxc5 a5 11. Nd4 Bg4 12. Nf3 Qe7 13. Nbd2 Qxc5 14. Qc1 Rac8 15. e3 b5 16. Qe1 Rfd8 17. Nd4 Nxd4 18. exd4 Qb6 19. Nb3 Rc7 20. Nc1 b4 21. axb4 axb4 22. Na2 bxc3 23. bxc3 Rdc8 24. h4 Qb2 25. Qc1 Qb3 26. Qd2 Bf5 27. Rfc1 Be7 28. Re1 Ba3 29. Re3 Qb2 30. Qxb2 Bxb2 31. Rae1 h6 32. R1e2 Bxc3 33. Nxc3 Rxc3 34. Rd2 Rc1+ 35. Kh2 R8c2 36. Ree2 Bd3 37. Rxc2 Rxc2 38. Rxc2 Bxc2 39. f4 Kf8 40. Kg1 Ke7 41. Kf2 Kd6 42. Bf1 f6 43. Ke2 e5 44. fxe5+ fxe5 45. Bg2 Bb3 46. Bh3 Bc2 47. Bg2 Ke6 48. Bh3+ Kf6 49. Bc8 Bf5 50. Bb7 Be6 51. Ba6 Bf5 52. Bd3 1/2-1/2

[Event "SLO-chT2 West"]
[Site "Komenda"]
[Date "2016.11.27"]
[Round "8.4"]
[White "Jereb, Lana"]
[Black "Vertacnik, Viktor"]
[Result "1-0"]
[WhiteElo "1584"]
[BlackElo "1570"]
[PlyCount "47"]
[EventDate "2016.11.11"]
[EventType "team-tourn"]
[EventRounds "9"]
[EventCountry "SLO"]
[SourceTitle "EXT 2019"]
[Source "ChessBase"]
[SourceDate "2018.10.10"]
[SourceVersion "1"]
[SourceVersionDate "2018.10.10"]
[SourceQuality "1"]
[WhiteTeam "Postojna"]
[BlackTeam "Ljubljana Karel Jeraj"]
[WhiteTeamCountry "SLO"]
[BlackTeamCountry "SLO"]

1. e4 e5 2. Nf3 Nc6 3. d4 exd4 4. Nxd4 Qf6 5. Nb3 d6 6. Nc3 Be6 7. Be3 a6 8. Qd2 Nge7 9. 0-0-0 0-0-0 10. Kb1 h6 11. Nd4 Nxd4 12. Bxd4 Qg6 13. f4 Bd7 14. Bc4 f6 15. Rhe1 Nc6 16. Bg1 Qe8 17. h3 g5 18. Qe2 Bg7 19. Bxa6 bxa6 20. Qxa6+ Kb8 21. Qb5+ Ka8 22. Qa6+ Kb8 23. Nb5 Bc8 24. Ba7+ 1-0

[Event "SLO-chT2 West"]
[Site "Komenda"]
[Date "2016.11.13"]
[Round "5.3"]
[White "Jereb, Lana"]
[Black "Nedimovic, Ljubisa"]
[Result "0-1"]
[WhiteElo "1584"]
[BlackElo "2185"]
[PlyCount "54"]
[EventDate "2016.11.11"]
[EventType "team-tourn"]
[EventRounds "9"]
[EventCountry "SLO"]
[SourceTitle "EXT 2019"]
[Source "ChessBase"]
[SourceDate "2018.10.10"]
[SourceVersion "1"]
[SourceVersionDate "2018.10.10"]
[SourceQuality "1"]
[WhiteTeam "Postojna"]
[BlackTeam "Ilirska Bistrica Rimex"]
[WhiteTeamCountry "SLO"]
[BlackTeamCountry "SLO"]

1. e4 e6 2. d4 d5 3. exd5 exd5 4. Bd3 Nc6 5. c3 Bd6 6. Nf3 Nge7 7. 0-0 Bg4 8. Nbd2 Qd7 9. Re1 0-0-0 10. b4 Rde8 11. a4 Ng6 12. Rxe8+ Rxe8 13. Qb3 Nf4 14. Bf1 Qf5 15. a5 Nh3+ 16. gxh3 Bxf3 17. Nxf3 Qxf3 18. Be3 Re6 19. Bd3 Ne7 20. Qa4 c6 21. b5 Qxh3 22. bxc6 Bxh2+ 23. Kh1 bxc6 24. Qb3 Bc7+ 25. Kg1 Qh2+ 26. Kf1 Qh1+ 27. Ke2 Qxa1 0-1

[Event "SLO-ch U20 Girls"]
[Site "Bled"]
[Date "2016.06.28"]
[Round "7"]
[White "Jereb, Lana"]
[Black "Rozman, Monika"]
[Result "0-1"]
[WhiteElo "1511"]
[BlackElo "2075"]
[PlyCount "72"]
[EventDate "2016.06.25"]
[EventType "swiss"]
[EventRounds "7"]
[EventCountry "SLO"]
[SourceTitle "EXT 2019"]
[Source "ChessBase"]
[SourceDate "2018.10.10"]
[SourceVersion "1"]
[SourceVersionDate "2018.10.10"]
[SourceQuality "1"]

1. e4 c5 2. Nf3 d6 3. d3 g6 4. g3 Bg7 5. Bg2 Nc6 6. c3 e6 7. 0-0 Nge7 8. Nbd2 Rb8 9. Re1 0-0 10. Nf1 e5 11. Be3 h6 12. d4 cxd4 13. cxd4 b6 14. Qd2 Kh7 15. Red1 Bg4 16. d5 Na5 17. b3 f5 18. h3 fxe4 19. hxg4 exf3 20. Bh1 Nb7 21. b4 Qd7 22. Nh2 e4 23. Rac1 Rbc8 24. Bd4 Ng8 25. Bxg7 Qxg7 26. g5 hxg5 27. Qxg5 Qh6 28. Qxh6+ Kxh6 29. Ng4+ Kg5 30. Ne3 Rxc1 31. Rxc1 Nd8 32. Rc7 Rf7 33. Rc8 Rd7 34. Nf1 Nf6 35. Nd2 Kf5 36. Rc4 Ke5 0-1

[Event "SLO-ch U20 Girls"]
[Site "Bled"]
[Date "2016.06.26"]
[Round "4"]
[White "Jereb, Lana"]
[Black "Bajt, Hana"]
[Result "1-0"]
[WhiteElo "1511"]
[BlackElo "1588"]
[PlyCount "109"]
[EventDate "2016.06.25"]
[EventType "swiss"]
[EventRounds "7"]
[EventCountry "SLO"]
[SourceTitle "EXT 2019"]
[Source "ChessBase"]
[SourceDate "2018.10.10"]
[SourceVersion "1"]
[SourceVersionDate "2018.10.10"]
[SourceQuality "1"]

1. e4 e5 2. Nf3 Nc6 3. Bc4 Bc5 4. c3 Nf6 5. d3 a6 6. Bb3 d6 7. 0-0 Bg4 8. Nbd2 0-0 9. Re1 h6 10. h3 Bh5 11. Nf1 Re8 12. Ng3 Bg6 13. Be3 Ba7 14. Bxa7 Nxa7 15. Nh4 Bh7 16. Nhf5 Nc6 17. Qf3 Bxf5 18. Nxf5 Na5 19. Bc2 Kh7 20. d4 g6 21. Ne3 Kg7 22. Rad1 Qe7 23. Qg3 Kh7 24. Nd5 Nxd5 25. exd5 f5 26. dxe5 dxe5 27. b3 b6 28. Rd2 Rad8 29. c4 b5 30. Qc3 Nb7 31. Rde2 e4 32. f3 Qc5+ 33. Kh1 Nd6 34. fxe4 fxe4 35. Bxe4 Nxe4 36. Rxe4 Rxe4 37. Rxe4 Rf8 38. Qe1 Rf7 39. Qe2 bxc4 40. bxc4 Qb4 41. Qe1 Qf8 42. Kh2 Qd6+ 43. Qg3 Qc5 44. Re6 Rg7 45. Rc6 Qa5 46. a3 h5 47. d6 cxd6 48. Qxd6 Qa4 49. Rc8 Qa5 50. c5 Qxa3 51. Qf8 Kh6 52. Rc7 h4 53. Qxg7+ Kg5 54. Qe5+ Kh6 55. Rc8 1-0

[Event "Nova Gorica op 21st"]
[Site "Nova Gorica"]
[Date "2016.02.03"]
[Round "8"]
[White "Jereb, Lana"]
[Black "Milicevic, Zoran"]
[Result "1-0"]
[WhiteElo "1603"]
[BlackElo "1606"]
[PlyCount "95"]
[EventDate "2016.01.29"]
[EventType "swiss"]
[EventRounds "9"]
[EventCountry "SLO"]
[SourceTitle "CBM 170 Extra"]
[Source "ChessBase"]
[SourceDate "2016.02.25"]
[SourceVersion "1"]
[SourceVersionDate "2016.02.25"]
[SourceQuality "1"]

1. e4 d5 2. exd5 Qxd5 3. Nc3 Qd8 4. Nf3 Nf6 5. d4 g6 6. Bc4 Bg7 7. h3 0-0 8. 0-0 a6 9. a4 b6 10. Bf4 Bb7 11. Ne5 Nbd7 12. Re1 e6 13. Bh2 Nxe5 14. dxe5 Nd7 15. Qe2 Qg5 16. Ne4 Qe7 17. Nc3 Nc5 18. Rad1 Rfd8 19. Bf4 Rxd1 20. Rxd1 Rd8 21. Rd2 Rxd2 22. Qxd2 Qd7 23. Qe2 Nxa4 24. Bxa6 Nxc3 25. bxc3 Bxa6 26. Qxa6 Qd8 27. Qd3 Qd5 28. Kf1 Bxe5 29. Qxd5 exd5 30. Bxe5 c6 31. Ke2 Kf8 32. Bc7 b5 33. Kd3 Ke7 34. Kd4 Kd7 35. Bh2 f6 36. Kc5 g5 37. g4 h6 38. Bg3 Ke6 39. Kxc6 f5 40. gxf5+ Kxf5 41. Kxd5 h5 42. f3 Kf6 43. c4 bxc4 44. Kxc4 Kf5 45. Kd5 g4 46. fxg4+ hxg4 47. hxg4+ Kxg4 48. c4 1-0

[Event "Nova Gorica op 21st"]
[Site "Nova Gorica"]
[Date "2016.01.30"]
[Round "2"]
[White "Pridigar, Lovro"]
[Black "Jereb, Lana"]
[Result "1-0"]
[WhiteElo "1922"]
[BlackElo "1603"]
[PlyCount "27"]
[EventDate "2016.01.29"]
[EventType "swiss"]
[EventRounds "9"]
[EventCountry "SLO"]
[SourceTitle "CBM 170 Extra"]
[Source "ChessBase"]
[SourceDate "2016.02.25"]
[SourceVersion "1"]
[SourceVersionDate "2016.02.25"]
[SourceQuality "1"]

1. d4 d5 2. Bf4 Bf5 3. Nf3 Nf6 4. e3 e6 5. c4 c6 6. Nc3 Nbd7 7. Qb3 Qb6 8. c5 Qxb3 9. axb3 Ne4 10. b4 b6 11. Ba6 Ke7 12. Bb7 Rd8 13. Rxa7 bxc5 14. bxc5 1-0

[Event "Otocec Krka Terme op"]
[Site "Otocec"]
[Date "2015.11.22"]
[Round "4"]
[White "Jereb, Lana"]
[Black "Solmajer, Luka"]
[Result "1/2-1/2"]
[WhiteElo "1585"]
[BlackElo "2025"]
[PlyCount "102"]
[EventDate "2015.11.20"]
[EventType "swiss"]
[EventRounds "5"]
[EventCountry "SLO"]
[SourceTitle "EXT 2019"]
[Source "ChessBase"]
[SourceDate "2018.10.10"]
[SourceVersion "1"]
[SourceVersionDate "2018.10.10"]
[SourceQuality "1"]

1. e4 c5 2. Nc3 g6 3. f4 Bg7 4. Bc4 Nc6 5. Nf3 a6 6. a4 d6 7. 0-0 e6 8. d3 Nge7 9. Qe1 0-0 10. Qh4 d5 11. Bb3 Nd4 12. Nxd4 cxd4 13. Nd1 b6 14. e5 h5 15. Nf2 Nf5 16. Qxd8 Rxd8 17. Nh3 Bd7 18. Ng5 a5 19. Bd2 Ra7 20. h3 h4 21. Be1 Bh6 22. Bf2 Bxg5 23. fxg5 b5 24. Rfc1 bxa4 25. Bxa4 Rc8 26. Bxd7 Rxd7 27. Rxa5 Rdc7 28. Ra4 Rxc2 29. Rxc2 Rxc2 30. Bxd4 Rd2 31. Bf2 Rxd3 32. Bxh4 Nxh4 33. Rxh4 Rb3 34. Rd4 Rxb2 35. Kf1 Rc2 36. g3 Kf8 37. h4 Ke7 38. Kg1 Re2 39. g4 Rxe5 40. Kf2 Kd6 41. Rf4 Ke7 42. Rd4 Ke8 43. Rb4 Kf8 44. Rd4 f6 45. gxf6 g5 46. h5 Kf7 47. Rb4 Kxf6 48. Rd4 Kg7 49. Rb4 Kg8 50. Rd4 Kf7 51. Rb4 Kf6 1/2-1/2

[Event "Otocec Krka Terme op"]
[Site "Otocec"]
[Date "2015.11.21"]
[Round "3"]
[White "Urbanc, Peter"]
[Black "Jereb, Lana"]
[Result "1-0"]
[WhiteElo "2180"]
[BlackElo "1585"]
[PlyCount "137"]
[EventDate "2015.11.20"]
[EventType "swiss"]
[EventRounds "5"]
[EventCountry "SLO"]
[SourceTitle "EXT 2019"]
[Source "ChessBase"]
[SourceDate "2018.10.10"]
[SourceVersion "1"]
[SourceVersionDate "2018.10.10"]
[SourceQuality "1"]

1. c4 e5 2. Nc3 Nc6 3. g3 f5 4. Bg2 Nf6 5. e3 d6 6. d4 g6 7. dxe5 Nxe5 8. Nf3 Bg7 9. Nxe5 dxe5 10. Qxd8+ Kxd8 11. b3 c6 12. Bb2 Kc7 13. 0-0 Be6 14. Ne2 e4 15. Be5+ Kd7 16. Rad1+ Ke7 17. Bd6+ Kf7 18. f3 exf3 19. Bxf3 Rad8 20. e4 fxe4 21. Bxe4 Bg4 22. Bf3 Bxf3 23. Rxf3 Rhe8 24. Nc3 Re6 25. Rfd3 Ke8 26. Kg2 Bf8 27. Bxf8 Rxd3 28. Rxd3 Kxf8 29. Kf3 Ke7 30. g4 g5 31. Rd1 Rd6 32. h4 Rxd1 33. Nxd1 h6 34. Ne3 Ke6 35. Nf5 Ng8 36. b4 b6 37. Nd4+ Kd6 38. hxg5 hxg5 39. Ke4 c5 40. Nb5+ Ke6 41. bxc5 bxc5 42. Nxa7 Nf6+ 43. Kf3 Nd7 44. Nc6 Nb6 45. Nd8+ Ke5 46. Nf7+ Kf6 47. Nd6 Ke5 48. Ne4 Nxc4 49. Nxg5 Na3 50. Nf7+ Ke6 51. Nd8+ Kd7 52. Nb7 c4 53. Ke4 c3 54. Kd5 Ke7 55. Nc5 c2 56. Nd3 Kf6 57. Kc5 Kg5 58. Kb4 c1Q 59. Nxc1 Nc2+ 60. Kc5 Na3 61. Kb4 Nc2+ 62. Kc3 Na3 63. Kb3 Nb5 64. a4 Nc7 65. Kc4 Kxg4 66. Kc5 Kf5 67. Kc6 Na6 68. Nd3 Ke6 69. Kb7 1-0

[Event "EU-ch U12 Girls 25th"]
[Site "Porec"]
[Date "2015.09.27"]
[Round "6"]
[White "Jereb, Lana"]
[Black "Jarocka, Liwia"]
[Result "1/2-1/2"]
[WhiteElo "1580"]
[BlackElo "1661"]
[PlyCount "46"]
[EventDate "2015.09.21"]
[EventType "swiss"]
[EventRounds "9"]
[EventCountry "CRO"]
[SourceTitle "EXT 2016"]
[Source "ChessBase"]
[SourceDate "2015.10.08"]
[SourceVersion "1"]
[SourceVersionDate "2015.10.08"]
[SourceQuality "1"]

1. Nf3 Nf6 2. c4 g6 3. d4 Bg7 4. g3 0-0 5. Bg2 d6 6. 0-0 Nc6 7. Nc3 Bg4 8. h3 Bxf3 9. Bxf3 Nd7 10. e3 e5 11. Bxc6 bxc6 12. d5 c5 13. e4 f5 14. f3 f4 15. Qe1 Rb8 16. Rb1 Bh6 17. g4 Bg5 18. Ne2 Rf7 19. Qc3 h5 20. Kg2 Rh7 21. Bd2 Nf6 22. Rh1 hxg4 23. hxg4 Rb6 1/2-1/2

[Event "EU-ch U12 Girls 25th"]
[Site "Porec"]
[Date "2015.09.25"]
[Round "5"]
[White "Levitan, Ronit"]
[Black "Jereb, Lana"]
[Result "1-0"]
[WhiteElo "1744"]
[BlackElo "1580"]
[PlyCount "55"]
[EventDate "2015.09.21"]
[EventType "swiss"]
[EventRounds "9"]
[EventCountry "CRO"]
[SourceTitle "EXT 2016"]
[Source "ChessBase"]
[SourceDate "2015.10.08"]
[SourceVersion "1"]
[SourceVersionDate "2015.10.08"]
[SourceQuality "1"]

1. e4 c5 2. c3 d5 3. exd5 Qxd5 4. d4 Nf6 5. Nf3 Bg4 6. Be2 e6 7. 0-0 Be7 8. Be3 cxd4 9. cxd4 0-0 10. Nc3 Qd6 11. h3 Bh5 12. Rc1 Nc6 13. Qd2 Rac8 14. Rfd1 Rfd8 15. Ng5 Bxe2 16. Qxe2 Nd5 17. Nce4 Qb4 18. Qh5 Bxg5 19. Nxg5 Nxe3 20. fxe3 Qxb2 21. Qxh7+ Kf8 22. Rf1 f6 23. Nxe6+ Kf7 24. Nxd8+ Rxd8 25. Qh5+ Ke7 26. Rb1 Qxa2 27. Rxb7+ Rd7 28. Qc5+ 1-0

[Event "EU-ch U12 Girls 25th"]
[Site "Porec"]
[Date "2015.09.22"]
[Round "2"]
[White "Jereb, Lana"]
[Black "Sakotic, Ana"]
[Result "1-0"]
[WhiteElo "1580"]
[BlackElo "1244"]
[PlyCount "129"]
[EventDate "2015.09.21"]
[EventType "swiss"]
[EventRounds "9"]
[EventCountry "CRO"]
[SourceTitle "EXT 2016"]
[Source "ChessBase"]
[SourceDate "2015.10.08"]
[SourceVersion "1"]
[SourceVersionDate "2015.10.08"]
[SourceQuality "1"]

1. e4 c5 2. Nc3 Nc6 3. Bc4 g6 4. f4 e6 5. Nf3 Bg7 6. 0-0 Nf6 7. d3 0-0 8. Qe1 Re8 9. Qh4 Nh5 10. Qh3 d5 11. Bb5 dxe4 12. dxe4 e5 13. f5 Nf4 14. Bxf4 exf4 15. Rae1 Qf6 16. Nd5 Qd6 17. c3 Bd7 18. Rd1 Rad8 19. Rfe1 a6 20. Nb6 Qc7 21. Nxd7 Rxd7 22. Rxd7 Qxd7 23. Bc4 Qe7 24. Qg4 Ne5 25. Nxe5 Qxe5 26. fxg6 hxg6 27. Qxg6 Qf6 28. Qg4 Qh6 29. Qd7 Rf8 30. Qxb7 Qh4 31. Rf1 Be5 32. Qd5 Qg5 33. Qxc5 f3 34. Qf2 Qh6 35. g3 Kh7 36. Qxf3 f6 37. Qf5+ Kh8 38. Qg4 Qh7 39. Qh4 Qxh4 40. gxh4 Kg7 41. Bxa6 Rb8 42. Rf2 Kh6 43. Kg2 Kh5 44. Kh3 Kg6 45. Kg4 Ra8 46. Bc4 Ra4 47. Bd5 Ra5 48. Rc2 Rb5 49. c4 Rxb2 50. Rxb2 Bxb2 51. a4 Bd4 52. a5 Ba7 53. a6 Bb6 54. h5+ Kg7 55. Kf5 Bd4 56. Kg4 Kh6 57. Bf7 Kg7 58. Bg6 Kf8 59. Kf5 Ke7 60. h6 Kf8 61. h7 Kg7 62. h4 Kh8 63. Ke6 Kg7 64. Bf5 Ba7 65. Kd5 1-0

[Event "SLO-chT U16 Girls"]
[Site "Debeli Rtic"]
[Date "2015.05.16"]
[Round "4"]
[White "Pajek, Tjasa"]
[Black "Jereb, Lana"]
[Result "1/2-1/2"]
[WhiteElo "1159"]
[BlackElo "1453"]
[PlyCount "105"]
[EventDate "2015.05.15"]
[EventType "swiss"]
[EventRounds "6"]
[EventCountry "SLO"]
[SourceTitle "EXT 2023"]
[Source "ChessBase"]
[SourceDate "2022.10.05"]
[SourceVersion "1"]
[SourceVersionDate "2022.10.05"]
[SourceQuality "1"]

1. e4 c5 2. Nf3 e6 3. Bc4 Nc6 4. Nc3 a6 5. a4 Be7 6. d3 d6 7. 0-0 Nf6 8. Be3 0-0 9. h3 Qc7 10. Re1 b6 11. Bf4 e5 12. Bg5 Nd4 13. Nxd4 exd4 14. Bxf6 Bxf6 15. Nd5 Qd8 16. Qf3 Be5 17. b4 Be6 18. bxc5 bxc5 19. Rab1 Bxd5 20. Bxd5 Rb8 21. Bc4 Qa5 22. Bb3 Rb4 23. Qf5 Qd8 24. f4 Bf6 25. e5 dxe5 26. fxe5 Bh4 27. Rf1 Qe7 28. e6 f6 29. Qd5 Bg3 30. Qd7 Bd6 31. Qxe7 Bxe7 32. Bc4 Rxa4 33. Ra1 Rxa1 34. Rxa1 Ra8 35. Rxa6 Rxa6 36. Bxa6 Kf8 37. Kf2 Ke8 38. Ke2 Kd8 39. Bc4 Kc7 40. Kd2 Kd6 41. c3 dxc3+ 42. Kxc3 Ke5 43. g3 Bf8 44. Kd2 Be7 45. Ke2 Bf8 46. Kf3 Kf5 47. g4+ Ke5 48. h4 g5 49. hxg5 fxg5 50. Ke3 Be7 51. Kf3 Bf8 52. Ke3 Be7 53. Kf3 1/2-1/2

[Event "SLO-CupT"]
[Site "Novo Mesto"]
[Date "2015.03.29"]
[Round "5"]
[White "Acimovic, Sergej"]
[Black "Jereb, Lana"]
[Result "1-0"]
[WhiteElo "1502"]
[BlackElo "1354"]
[PlyCount "85"]
[EventDate "2015.03.27"]
[EventType "team-swiss"]
[EventRounds "5"]
[EventCountry "SLO"]
[SourceTitle "EXT 2019"]
[Source "ChessBase"]
[SourceDate "2018.10.10"]
[SourceVersion "1"]
[SourceVersionDate "2018.10.10"]
[SourceQuality "1"]
[WhiteTeam "Kocevje Youth"]
[BlackTeam "Postojna"]
[WhiteTeamCountry "SLO"]
[BlackTeamCountry "SLO"]

1. d4 d5 2. c4 dxc4 3. e3 Nf6 4. Bxc4 e6 5. Nf3 c5 6. 0-0 a6 7. Nc3 b5 8. Bd3 Nc6 9. dxc5 Bxc5 10. Qc2 Qb6 11. Ne4 Be7 12. Bd2 Bb7 13. Rac1 Rc8 14. Qb1 h6 15. Bc3 Nxe4 16. Bxe4 0-0 17. Nd4 Nxd4 18. Bxd4 Bxe4 19. Qxe4 Bc5 20. Bxc5 Rxc5 21. Qd4 Rc6 22. Qxb6 Rxb6 23. Rfd1 a5 24. Rc7 Rbb8 25. Kf1 Rfd8 26. Ke2 Rbc8 27. Rxd8+ Rxd8 28. Rc5 Rb8 29. Kd3 Kf8 30. Kc3 Ke8 31. e4 Kd7 32. e5 Rb6 33. Kd4 Rb7 34. f4 g6 35. g3 h5 36. Rc3 Rb6 37. Kc5 Kc7 38. h3 Rb7 39. Rd3 b4 40. b3 Rb8 41. Rd6 Ra8 42. Kb5 Kb7 43. Rd7+ 1-0

[Event "Mediterranean op 7th"]
[Site "Rijeka"]
[Date "2014.11.14"]
[Round "8"]
[White "Vujic, Agata"]
[Black "Jereb, Lana"]
[Result "1-0"]
[WhiteElo "1570"]
[BlackElo "1319"]
[PlyCount "27"]
[EventDate "2014.11.08"]
[EventType "swiss"]
[EventRounds "9"]
[EventCountry "CRO"]
[SourceTitle "CBM 163 Extra"]
[Source "ChessBase"]
[SourceDate "2014.12.23"]
[SourceVersion "1"]
[SourceVersionDate "2014.12.23"]
[SourceQuality "1"]

1. e4 e6 2. d4 d5 3. Nc3 Be7 4. Nf3 Nf6 5. Bd3 0-0 6. e5 Nfd7 7. Be3 c5 8. h4 Nc6 9. Bxh7+ Kxh7 10. Ng5+ Bxg5 11. hxg5+ Kg8 12. Qh5 f6 13. g6 cxd4 14. Qh8# 1-0